| 000 | 01041nam a2200265 i 4500 | ||
|---|---|---|---|
| 001 | 186933 | ||
| 003 | ES-MaACL | ||
| 005 | 20230906222756.0 | ||
| 008 | 170302s2015 sp ab |||| |bspa d | ||
| 020 | _a978-84-931624-9-8 | ||
| 080 | _a929:78 Lidón, José | ||
| 100 | 1 |
_aMontero García, Josefa. _9161946 |
|
| 245 | 1 | 0 |
_aJosé Lidón: estudio biográfico y musicológico / _cJosefa Montero García ; [presentación, Antonio Avilés Amat]. |
| 260 |
_a[Béjar, Salamanca] : _bCentro de Estudios Bejaranos, _c[2015] |
||
| 300 |
_a56 p. : _bil., 1 mapa ; _c23 cm. |
||
| 490 | 1 |
_aColección don Francés de Zúñiga ; _v3 |
|
| 504 | _aBibliografía: p. 54-56. | ||
| 596 | _aEn contracub.: Ayuntamiento de Béjar. | ||
| 600 | 1 | 4 |
_aLidón, José ( _d1748-1827) _9161947 |
| 700 | 1 |
_aAvilés Amat, Antonio. _9161951 |
|
| 710 | 2 |
_aCentro de Estudios Bejaranos. _9161948 |
|
| 830 | 0 |
_aColección don Francés de Zúñiga ; _v3 _9192700 |
|
| 852 |
_aES-MaACL _j1656-F-13 _z. - Dedicatoria autógrafa de la autora |
||
| 999 |
_c186933 _d186933 |
||